Adaptive optics for vision science : Principles, practices, design, and applications

Although the book is written primarily for researchers in vision science and ophthalmology, the field of adaptive optics has strong roots in astronomy. Researchers in both fields share this technology and, for this reason, the book includes chapters by both astronomers and vision scientists. Followi...

詳細記述

保存先:
書誌詳細
フォーマット: 図書
言語:Undetermined
出版事項: Hoboken, N.J. Wiley-Interscience 2006
主題:
タグ: タグ追加
タグなし, このレコードへの初めてのタグを付けませんか!
Thư viện lưu trữ: Trung tâm Học liệu Trường Đại học Cần Thơ
LEADER 01064nam a2200205Ia 4500
001 CTU_162984
008 210402s9999 xx 000 0 und d
020 |c 195 
082 |a 621.369 
082 |b A221 
245 0 |a Adaptive optics for vision science : 
245 0 |b Principles, practices, design, and applications 
245 0 |c Edited by Jason Porter ... [et al.] 
260 |a Hoboken, N.J. 
260 |b Wiley-Interscience 
260 |c 2006 
520 |a Although the book is written primarily for researchers in vision science and ophthalmology, the field of adaptive optics has strong roots in astronomy. Researchers in both fields share this technology and, for this reason, the book includes chapters by both astronomers and vision scientists. Following the introduction, chapters are divided into the following sections: Wavefront Measurement and Correction; Retinal Imaging Applications; Vision Correction Applications; Design Examples. 
650 |a Optics, adaptive 
904 |i Giang 
980 |a Trung tâm Học liệu Trường Đại học Cần Thơ